000 00716nam a2200265Ia 4500
003 OSt
005 20220918163518.0
006 a|||||r|||| 00| 0
007 ta
008 220917b |||||||| |||| 00| 0 eng d
020 _a0064927520
024 _a30,261
037 _cTextual
040 _aARTS
_cARTS
_beng
041 _2eng
_aeng
082 _aO111,3M40:g, L6
100 _aHawkins Desmond
_913491
245 0 _aHardy
_b novelist and poet
260 _aLondon
_bDavid and Charles UK
_c1976
300 _a247p.
_ccm.
500 _aAppendix 217-36p; Bib 237-40p
650 _aENGLISH LITERATURE
942 _hO111,3M40:g, L6
_cTEXL
_2CC
999 _c119893
_d119893